000 00515nam a22001577a 4500
008 151001b xxu||||| |||| 00| 0 eng d
020 _a 0393321932
050 _aHC 79 .E5B76 2001
100 _aBrown, Lester R.
_d 2001.
245 _aEco-Economy:
_bBulding an Economy for the Earth/
_cLester R.Brown.-
250 _a1st ed.:
260 _aNew York;
_bW. W. Norton & Company,
_c 2001.
300 _axiii, 333p:ill.
_bincludes index
760 _b1st ed.
942 _2lcc
_cBOOKS
_hHC 79 .E5B76 2001
999 _c6987
_d6987